00330cam a2200097 i 450008200130000024500730001326000610008630000260014765000290017365000300020200a576 MIC 10aMicrobial processes :Promising technologies for developing countries aWashington, D.C. :bNational Academy of Sciences,c1979. axii, 198 p. :bill. ; 0aIndustrial microbiology. 0aTechnological innovations